000 00483nam a2200181Ia 4500
003 GCL
008 140319s9999 xx 000 0 ara d
040 _aGCL /
_cGCL
082 0 4 _a210.92
_bح ا
100 1 _aحسن عاصى
245 1 0 _aابن سيناء الرجل والاثر /
_cحسن عاصى
260 _a[S.N] :
_bدار الفكر العربى ،
_c1990
300 _a128
490 _a
650 0 4 _aالاسلام
650 0 4 _aابن سينا
942 _2ddc
_cBK
999 _c45220
_d45220